Регионална библиотека "Любен Каравелов" - Русе

Черти от американский живот (Запис номер 157070)

MARC детайли
000 -Лидер
Контролно поле с фиксирана дължина 01987nam a2200361 c 4500
003 - Код на организацията, давaща контролен номер
Контролно поле BLK
005 - Дата и час на последна редакция
Контролно поле 20240731005407.0
008 - Елементи от данни с фиксирана дължина
fixed length control field 180410b bul|||||r ||||||| ||bul||
010 ## - Наследен системен номер
LC control number KNG00164011000
040 ## - Източник на каталожния запис
Идентификатор на билиотеката - собственик на записа BLK
041 ## - Код за език
Код за езика на текст/звукозапис или на отделно заглавие Български
Код за езика КДБФ Български
072 #7 - Код за тематичната категория
Код организация bullib
Код за тематична категория С
Текст Старопечатен фонд
080 ## - УДК
Текстов определител УДК Социография. Социално положение. Условия на политическия и социалния живот. Социално и социално-икономическо положение на отделните страни, народи, раси. Социална география. (Общи въпроси)
УДК код - определител по УДК 308
УДК определител (73)
УДК - код + определител 308(73)
139 ## - Редно поле
Редна дума Черти от американский живот
Авторски знак Черт - Ч 72
245 10 - Сведения за заглавието
Заглавие Черти от американский живот
Подзаглавни данни / Превод Н. Михайловскаго ; Издава П. Р. Славейков
Редно поле (дума) * Никола Стоянов Михайловски; * Петко Рачов Славейков.
257 ## - Страна на издаване
Страна на създаване/издаване България
260 ## - Област на издателските данни
-- Цариград
Име на издателя, разпространителя и проч. Печ. на в-к Македония
Година на издаване 1868
300 ## - Физическа характеристика
Страници 85, 67 с.
Размери/Мащаб 18 см
380 ## - Жанр
Жанр Обществени науки
500 ## - Общи забележки
Забележка Дар от Никола Даков
650 #4 - Допълнително описание по предмет – тема
Основно описание – тема или топоним САЩ - социално-икономическо положение и политика
9 (RLIN) 243176
653 ## - Ключова дума – ненормативна
Ключова дума САЩ
653 ## - Ключова дума – ненормативна
Ключова дума странознание
659 ## - Тематичен бюлетин
Тематичен бюлетин С
700 1# - Други автори (авторска отговорност)
Лично име Михайловски, Никола Стоянов
Автороска отговорност (Описва отношението между автора и произведението) *
9 (RLIN) 380238
700 1# - Други автори (авторска отговорност)
Лично име Славейков, Петко Рачов
Дати, свързани с автора 1827-1895
Друга информация Виден възрожд. деец, участник в борбата за църк. освобожд., просветител, писател, поет, публицист, фолклорист, политик
Автороска отговорност (Описва отношението между автора и произведението) *
9 (RLIN) 121105
852 ## - Местоположение
Форматна сигнатура Цб Ст 5272*1059
856 4# - Електронен адрес и достъп
Електронен формат pdf - файл
Път до файла /url/
856 4# - Електронен адрес и достъп
Електронен формат pdf - файл
Път до файла /url/
942 ## - АРТИКУЛИ
Вид на библиотечния материал Книги
Скрит в OPAC Не
944 ## - СЪЗДАВАНЕ И РЕДАКЦИЯ на ЗАПИСА
Създаване/Редакция Създаване
Дата на регистрацията/редакция 11.08.2014
Служител, извършил регистрацията/редакцията
Статус, дата на статуса CRON CRON
944 ## - СЪЗДАВАНЕ И РЕДАКЦИЯ на ЗАПИСА
Създаване/Редакция Редакция
Дата на регистрацията/редакция 11.08.2014
Служител, извършил регистрацията/редакцията
999 ## - СИСТЕМНИ КОНТРОЛНИ НОМЕРА
Koha biblionumber 157070
Koha biblioitemnumber 157070
Наличности
Код за отписване Код за изгубен артикул Източник на класификационната схема Код за повреда Коз за рестрикции Код за отдаване Артикулен № Име на библиотеката - собственик Име на библиотеката, в която се намира в момента Статус (Текущо местоположение) Дата на вписване в системата Местоположение - отдел Цена в лева Инвентарен номер Систематично азбучна сигнатура Баркод Номер на екземпляра Цена в евро Служебна бележка Служебен тип на артикула
  Не е изгубен Universal Decimal Classification Не е повреден само за читалня Специални фондове ( старопечатни, редки и ценни, фонд М. Арнаудов) 263136 Регионална библиотека "Любен Каравелов" Русе Регионална библиотека "Любен Каравелов" Русе Старопечатен фонд 2000-01-01 Старопечатен фонд 25.00 143-ст Цб Ст 5272*1059 900000000449 1 12.78 Дост: DA Вид: А N: стар фонд Дата: 01.01.2000 Дата инв: 02.04.2018 Бележки инв: СТ2018 Книги
Vip Innovations Ltd, Rousse, Bulgaria 2025